| 000 | 00420nam a22001697a 4500 | ||
|---|---|---|---|
| 005 | 20241002100055.0 | ||
| 008 | 241002b |||||||| |||| 00| 0 eng d | ||
| 020 | _a1859677959 | ||
| 082 |
_a641.595 _bSHE-T |
||
| 100 | _aShehzad Husain | ||
| 245 | _aThe Complete book of Indian cooking / | ||
| 260 |
_aChina: _bAnness; _c1995 |
||
| 300 |
_a256p. _bill; _c27 cm. |
||
| 650 | _aArt & Design | ||
| 999 |
_c36601 _d36601 |
||